[Event "III Open Grand Paradis B"]
[Site "Arvier ITA"]
[Date "2016.07.27"]
[Round "4"]
[White "Vinciguerra, Riccardo"]
[Black "Giachino, Claudio R"]
[WhiteElo "1511"]
[BlackElo "1524"]
[Result "0-1"]
[PlyCount "100"]
[EventDate "2016.07.24"]

1. d4 g6 2. Bf4 Bg7 3. e3 Nf6 4. Bd3 O-O 5. Nd2 d6 6. Ne4 Nc6 7. c3 e5 8. Nxf6+
Qxf6 9. Bg3 exd4 10. exd4 Re8+ 11. Be2 Bg4 12. h3 Bf5 13. Nf3 Qe7 14. Bf4 Qe4
15. Be3 Ne7 16. Bc4 Bh6 17. Bd3 Qxd3 18. Qxd3 Bxd3 19. Bxh6 Nf5+ 20. Kd2 Ba6
21. Bf4 Re2+ 22. Kc1 Rae8 23. Rf1 R2e4 24. Rd1 Rxf4 25. Kc2 Rfe4 26. Rd2 Re2
27. b3 Rxd2+ 28. Nxd2 Re2 29. c4 Rxf2 30. g4 Ne7 31. Re1 Kf8 32. d5 Rh2 33. Re3
b5 34. Kc3 f5 35. gxf5 Nxf5 36. Rf3 Rg2 37. Kc2 Rg3 38. Rf2 Rxh3 39. Ne4 bxc4
40. bxc4 Bxc4 41. Ng5 Rh4 42. Ne6+ Kf7 43. Nxc7 Bxa2 44. Kb2 Bc4 45. Kc3 Ke7
46. Rf3 Kd7 47. Ne6 Bxd5 48. Nf8+ Ke8 49. Nxg6 Bxf3 50. Nxh4 Nxh4 0-1

[Event "III Open Grand Paradis B"]
[Site "Arvier ITA"]
[Date "2016.07.28"]
[Round "5"]
[White "Benenati, Gianfranco"]
[Black "Debernardi, Marco"]
[WhiteElo "1817"]
[BlackElo "1693"]
[Result "1-0"]
[PlyCount "57"]
[EventDate "2016.07.24"]

1. e4 c5 2. Nf3 Nc6 3. d4 cxd4 4. Nxd4 Nf6 5. Nc3 e5 6. Ndb5 d6 7. a4 a6 8. Na3
Be6 9. Be2 d5 10. exd5 Nxd5 11. Nxd5 Qxd5 12. O-O Rd8 13. Qxd5 Bxd5 14. Be3 Be4
15. c3 Bd3 16. Bxd3 Rxd3 17. Nc2 Be7 18. Rad1 Rd8 19. Bb6 Rd7 20. Rxd7 Kxd7 21.
Ne3 Ke6 22. f4 exf4 23. Rxf4 Bg5 24. Re4+ Kd7 25. Nc4 Re8 26. Rxe8 Kxe8 27.
Nd6+ Ke7 28. Nxb7 Ne5 29. Bd8+ 1-0

[Event "III Open Grand Paradis B"]
[Site "Arvier ITA"]
[Date "2016.07.28"]
[Round "5"]
[White "Bogatto, Mario"]
[Black "Vinciguerra, Riccardo"]
[WhiteElo "1424"]
[BlackElo "1511"]
[Result "0-1"]
[PlyCount "92"]
[EventDate "2016.07.24"]

1. e4 d5 2. exd5 Qxd5 3. Nc3 Qd6 4. Nf3 Nf6 5. d3 c6 6. Be2 Bg4 7. O-O e6 8.
Be3 Be7 9. h3 Bh5 10. Qd2 O-O 11. Bf4 Qd8 12. Rad1 Bd6 13. Bg5 Nbd7 14. Bxf6
Nxf6 15. Ne4 Be7 16. Ng3 Bxf3 17. Bxf3 Qc7 18. Ne4 Nxe4 19. Bxe4 g6 20. f4 Bf6
21. c3 a6 22. d4 Rad8 23. Qe2 Rfe8 24. Qf3 Qb6 25. Qe2 Bg7 26. Qc2 Bh6 27. g4
Qc7 28. g5 Bg7 29. Qg2 Qb6 30. Qe2 e5 31. fxe5 Bxe5 32. Kg2 Bg7 33. Qc2 Qa5 34.
a3 Qxg5+ 35. Kh2 Re7 36. Qg2 Qxg2+ 37. Bxg2 Re2 38. b4 Rde8 39. Rg1 R8e3 40. d5
cxd5 41. Rxd5 Rxc3 42. Rd7 Rxa3 43. Rxb7 Raa2 44. Rb8+ Bf8 45. Kg3 Kg7 46. Kg4
Rxg2+ 0-1

[Event "III Open Grand Paradis B"]
[Site "Arvier ITA"]
[Date "2016.07.28"]
[Round "5"]
[White "Buffoni, Luca"]
[Black "Gola, Giorgio"]
[WhiteElo "1740"]
[BlackElo "1271"]
[Result "1-0"]
[PlyCount "51"]
[EventDate "2016.07.24"]

1. e4 e6 2. d4 d5 3. exd5 exd5 4. Bd3 Nf6 5. Bf4 c5 6. c3 Nc6 7. Nf3 cxd4 8.
O-O Bd6 9. Re1+ Be6 10. Bxd6 Qxd6 11. cxd4 O-O 12. Ne5 Nd7 13. Nxd7 Qxd7 14.
Nc3 Rac8 15. Qh5 g6 16. Qh4 Nb4 17. Rad1 Nxd3 18. Rxd3 Rfe8 19. Re5 Bf5 20.
Rde3 Rxe5 21. Rxe5 Re8 22. Qf6 Rxe5 23. Qxe5 Qe6 24. Nxd5 Qxe5 25. dxe5 g5 26.
Ne7+ 1-0

[Event "III Open Grand Paradis B"]
[Site "Arvier ITA"]
[Date "2016.07.28"]
[Round "5"]
[White "Coqueraut, Lodewyk"]
[Black "Ghiotto, Marco Luigi"]
[WhiteElo "1683"]
[BlackElo "1531"]
[Result "0-1"]
[PlyCount "138"]
[EventDate "2016.07.24"]

1. c4 e5 2. Nc3 Nf6 3. g3 Be7 4. Bg2 Nc6 5. d3 d6 6. Nf3 Be6 7. Ng5 Bf5 8. h3
h6 9. Nge4 Nxe4 10. Nxe4 Be6 11. Nc3 O-O 12. e3 f5 13. O-O Qd7 14. Kh2 Rf7 15.
b3 Raf8 16. d4 exd4 17. exd4 Bf6 18. Be3 Re7 19. Nd5 Bxd5 20. cxd5 Nd8 21. Rc1
g5 22. Qd2 Ref7 23. f4 Rg7 24. Rg1 c6 25. dxc6 bxc6 26. Qd3 g4 27. hxg4 fxg4
28. Rh1 h5 29. Kg1 Qe8 30. Bf2 Re7 31. Qf5 Bxd4 32. Qxh5 Bxf2+ 33. Kxf2 Re2+
34. Kf1 Qxh5 35. Rxh5 Rxa2 36. Rg5+ Kh7 37. Rxg4 d5 38. Bf3 Re8 39. Rg5 Re3 40.
Bd1 d4 41. Bg4 d3 42. Bf5+ Kh8 43. Rh5+ Kg7 44. Rg5+ Kf6 45. Bh7 Rh2 46. Bxd3
Rxd3 47. Kg1 Rb2 48. g4 Rbxb3 49. Rgc5 Rg3+ 50. Kh2 Rxg4 51. R5c4 Kf5 52. Rd1
Rb7 53. Rd3 Rh7+ 54. Rh3 Rxh3+ 55. Kxh3 Rxf4 56. Rc5+ Ke6 57. Ra5 Rf7 58. Kg4
Kd6 59. Kg5 c5 60. Kg6 Rf1 61. Rxa7 c4 62. Ra8 Nc6 63. Ra3 Kc5 64. Kg5 Kb4 65.
Ra6 Nd4 66. Rb6+ Nb5 67. Kg4 c3 68. Kg3 c2 69. Kg2 c1=Q 0-1

[Event "III Open Grand Paradis B"]
[Site "Arvier ITA"]
[Date "2016.07.28"]
[Round "5"]
[White "Dovano, Jacopo"]
[Black "Lyabel, Giacomo"]
[WhiteElo "1658"]
[BlackElo "1575"]
[Result "1-0"]
[PlyCount "101"]
[EventDate "2016.07.24"]

1. e4 c5 2. Nf3 d6 3. d4 cxd4 4. Nxd4 Nf6 5. Nc3 a6 6. Be3 e6 7. f3 b5 8. Qd2
Be7 9. g4 Bb7 10. g5 Nfd7 11. O-O-O Nc6 12. h4 Nxd4 13. Bxd4 e5 14. Be3 Qa5 15.
Kb1 O-O 16. Nd5 Qd8 17. Nxe7+ Qxe7 18. Qxd6 Qxd6 19. Rxd6 Rfd8 20. Bh3 Nf8 21.
Rhd1 Rxd6 22. Rxd6 a5 23. Rb6 Ba6 24. h5 b4 25. Rd6 Be2 26. Bg4 Ne6 27. g6 hxg6
28. hxg6 Nf4 29. Bxf4 exf4 30. gxf7+ Kxf7 31. Kc1 Ke7 32. Rd5 Rd8 33. Rxd8 Kxd8
34. Kd2 Bb5 35. c3 Bc4 36. b3 Ba6 37. c4 Ke7 38. Kd3 Kd6 39. Kd4 Bb7 40. e5+
Kc6 41. e6 Kd6 42. c5+ Ke7 43. Ke5 Bc6 44. Kxf4 Kf6 45. Ke3 g5 46. Kd4 Bb7 47.
c6 Bxc6 48. Kc5 Bb7 49. Kd6 Ba6 50. e7 Bb5 51. Bd7 1-0

[Event "III Open Grand Paradis B"]
[Site "Arvier ITA"]
[Date "2016.07.28"]
[Round "5"]
[White "Giachino, Claudio R"]
[Black "Piazza, Giacomo"]
[WhiteElo "1524"]
[BlackElo "1504"]
[Result "1-0"]
[PlyCount "51"]
[EventDate "2016.07.24"]

1. e4 d5 2. exd5 Nf6 3. Nf3 Bg4 4. Nc3 Nxd5 5. d4 e6 6. Nxd5 Qxd5 7. Be2 Qa5+
8. Bd2 Bb4 9. c3 Be7 10. O-O Qb6 11. Qc2 Nd7 12. Rfe1 O-O-O 13. Be3 Bf5 14. Qd2
Nc5 15. dxc5 Bxc5 16. Qc1 Bxe3 17. Qxe3 Qa5 18. b4 Qa3 19. Nd4 Kb8 20. Bf3 Qa6
21. a4 Rhe8 22. a5 c6 23. Be2 b5 24. axb6 Qxb6 25. Ra6 Qb7 26. Rea1 1-0

[Event "III Open Grand Paradis B"]
[Site "Arvier ITA"]
[Date "2016.07.28"]
[Round "5"]
[White "Silano, Pierluigi"]
[Black "Cappelletto, Joshuaede"]
[WhiteElo "1584"]
[BlackElo "1680"]
[Result "1/2-1/2"]
[PlyCount "99"]
[EventDate "2016.07.24"]

1. e4 d6 2. d4 Nf6 3. Nc3 g6 4. Be3 Bg7 5. f3 O-O 6. Qd2 e5 7. O-O-O Nbd7 8. h4
Re8 9. g4 c6 10. h5 b5 11. hxg6 hxg6 12. dxe5 dxe5 13. Nge2 Qa5 14. a3 Rb8 15.
Na2 Qxd2+ 16. Rxd2 Nb6 17. Nec3 a5 18. Bh6 Be6 19. Kb1 Red8 20. Rxd8+ Rxd8 21.
Bxg7 Kxg7 22. Bd3 Nc4 23. Kc1 Ne8 24. Bxc4 Bxc4 25. b3 Be6 26. Rd1 Rxd1+ 27.
Kxd1 Kf6 28. Ke2 Kg5 29. Kf2 Kh4 30. Kg2 f5 31. gxf5 gxf5 32. exf5 Bxf5 33. Ne4
Bxe4 34. fxe4 Kg4 35. Nc3 Kf4 36. Kf2 Nd6 37. Ne2+ Kxe4 38. a4 bxa4 39. Nc3+
Kd4 40. Nxa4 e4 41. Ke2 c5 42. c3+ Ke5 43. Nxc5 Nb5 44. Kd2 Kd5 45. Nb7 Na3 46.
Nxa5 Nb1+ 47. Ke3 Nxc3 48. Nc4 Nd1+ 49. Kd2 Nf2 50. Ke3 1/2-1/2

[Event "III Open Grand Paradis B"]
[Site "Arvier ITA"]
[Date "2016.07.29"]
[Round "6"]
[White "Benenati, Gianfranco"]
[Black "Coqueraut, Lodewyk"]
[WhiteElo "1817"]
[BlackElo "1683"]
[Result "1-0"]
[PlyCount "52"]
[EventDate "2016.07.24"]

1. e4 c5 2. Nf3 d6 3. d4 cxd4 4. Nxd4 Nf6 5. Bd3 e6 6. Be3 Be7 7. O-O Nc6 8. f4
Qb6 9. Nf5 Qxb2 10. Nxe7 Nxe7 11. Nd2 Qa3 12. Nc4 Qa6 13. e5 Ne4 14. Nxd6+ Qxd6
15. exd6 Nxd6 16. Bc5 Ndf5 17. Bb5+ Nc6 18. g4 Nfe7 19. Bxc6+ Nxc6 20. Qd6 Bd7
21. Rad1 O-O-O 22. Qd3 Be8 23. Qc3 Rd5 24. Rxd5 exd5 25. Qxg7 Nd8 26. Qxh8 Bd7
1-0

[Event "III Open Grand Paradis B"]
[Site "Arvier ITA"]
[Date "2016.07.29"]
[Round "6"]
[White "Bogatto, Mario"]
[Black "Giachino, Claudio R"]
[WhiteElo "1424"]
[BlackElo "1524"]
[Result "0-1"]
[PlyCount "68"]
[EventDate "2016.07.24"]

1. e4 d6 2. d4 g6 3. c3 Bg7 4. Nf3 Nf6 5. Nbd2 O-O 6. Be2 Nbd7 7. O-O e5 8. d5
Nc5 9. Qc2 a5 10. b3 Ne8 11. Ba3 b6 12. Bxc5 bxc5 13. Rac1 f5 14. Bd3 f4 15. c4
h5 16. h3 g5 17. Nh2 Nf6 18. f3 Qe8 19. Rf2 Qg6 20. Kh1 Kf7 21. Ndf1 Bd7 22.
Qd1 Rh8 23. Bc2 Rag8 24. Qe2 Bf8 25. Rb1 Be7 26. a3 g4 27. fxg4 hxg4 28. g3
Rxh3 29. gxf4 g3 30. Rg2 Bg4 31. f5 Qh6 32. Qe3 Qxe3 33. Nxe3 Bf3 34. Rbg1
Rxh2# 0-1

[Event "III Open Grand Paradis B"]
[Site "Arvier ITA"]
[Date "2016.07.29"]
[Round "6"]
[White "Cappelletto, Joshuaede"]
[Black "Dovano, Jacopo"]
[WhiteElo "1680"]
[BlackElo "1658"]
[Result "0-1"]
[PlyCount "52"]
[EventDate "2016.07.24"]

1. e4 c5 2. Nc3 Nc6 3. f4 g6 4. Nf3 Bg7 5. Bc4 e6 6. O-O Nge7 7. Qe1 O-O 8. d3
d5 9. Bb3 Nd4 10. Nxd4 cxd4 11. Ne2 a5 12. a4 Qc7 13. Bd2 dxe4 14. dxe4 d3 15.
cxd3 Qb6+ 16. d4 Qxb3 17. e5 Qxb2 18. Bxa5 Rxa5 19. Qxa5 Qxe2 20. Qc5 Qe3+ 21.
Kh1 Nf5 22. Rae1 Qb3 23. Ra1 Qd5 24. Qxd5 exd5 25. Rfd1 Bd7 26. a5 Ra8 0-1

[Event "III Open Grand Paradis B"]
[Site "Arvier ITA"]
[Date "2016.07.29"]
[Round "6"]
[White "Debernardi, Marco"]
[Black "Vinciguerra, Riccardo"]
[WhiteElo "1693"]
[BlackElo "1511"]
[Result "1-0"]
[PlyCount "119"]
[EventDate "2016.07.24"]

1. e4 d5 2. exd5 Qxd5 3. Nc3 Qd6 4. Nf3 Nf6 5. Bc4 Bg4 6. d4 c6 7. O-O e6 8.
Bg5 Be7 9. Qd3 Bxf3 10. Qxf3 Qxd4 11. Bb3 O-O 12. Rad1 Qc5 13. Bxf6 Bxf6 14.
Ne4 Qe7 15. Nxf6+ Qxf6 16. Qxf6 gxf6 17. Rd6 Na6 18. Rfd1 Nc5 19. Bc4 Rac8 20.
b4 b5 21. bxc5 bxc4 22. Kf1 a5 23. R1d4 f5 24. Rxc4 Rfd8 25. Ke2 Kg7 26. Rcd4
Rxd6 27. cxd6 Rd8 28. Kd2 Kf6 29. Kc3 e5 30. Ra4 Rxd6 31. Rxa5 e4 32. Rc5 f4
33. Rc4 Ke5 34. Rc5+ Ke6 35. Rh5 Rd1 36. Rxh7 e3 37. fxe3 fxe3 38. Rh3 f5 39.
Rxe3+ Kf6 40. h3 Ra1 41. Kb2 Rg1 42. Re2 f4 43. a4 Rh1 44. Kc3 f3 45. Rf2 Ke5
46. Rxf3 Kd6 47. Rg3 Kc7 48. Kb4 Kb6 49. a5+ Ka6 50. Kc5 Rc1 51. c3 Kxa5 52.
Kxc6 Rc2 53. h4 Rf2 54. Rg5+ Ka4 55. Rg4+ Kb3 56. c4 Rf6+ 57. Kd5 Rf5+ 58. Kd6
Rf1 59. c5 Rd1+ 60. Kc6 1-0

[Event "III Open Grand Paradis B"]
[Site "Arvier ITA"]
[Date "2016.07.29"]
[Round "6"]
[White "Ghiotto, Marco Luigi"]
[Black "Silano, Pierluigi"]
[WhiteElo "1531"]
[BlackElo "1584"]
[Result "1-0"]
[PlyCount "61"]
[EventDate "2016.07.24"]

1. e4 e5 2. Nf3 Nc6 3. Bb5 a6 4. Ba4 Nf6 5. O-O Be7 6. Re1 b5 7. Bb3 O-O 8. d4
exd4 9. Nxd4 Nxd4 10. Qxd4 c5 11. Qd3 c4 12. Bxc4 bxc4 13. Qxc4 Bb7 14. Nc3 Rc8
15. Qd3 Bb4 16. Bd2 d6 17. a3 Bxc3 18. Bxc3 Re8 19. f3 d5 20. Bxf6 Qxf6 21.
exd5 Rxe1+ 22. Rxe1 Qxb2 23. Qe3 h6 24. d6 Qb5 25. Qe7 Bc6 26. Re5 Re8 27. Rxb5
Rxe7 28. Rb6 Re1+ 29. Kf2 Ra1 30. Rxc6 Rxa3 31. d7 1-0

[Event "III Open Grand Paradis B"]
[Site "Arvier ITA"]
[Date "2016.07.29"]
[Round "6"]
[White "Lyabel, Giacomo"]
[Black "Buffoni, Luca"]
[WhiteElo "1575"]
[BlackElo "1740"]
[Result "0-1"]
[PlyCount "56"]
[EventDate "2016.07.24"]

1. d4 f5 2. c4 e6 3. Nc3 Nf6 4. Nf3 Bb4 5. Bd2 b6 6. g3 Bb7 7. Bg2 O-O 8. O-O
Qe8 9. Re1 Bxc3 10. Bxc3 d6 11. e3 Nbd7 12. b3 Ne4 13. Bb2 Rd8 14. Qc2 Ndf6 15.
Rad1 Qh5 16. Rf1 Ng4 17. h3 Nxg3 18. fxg3 Nxe3 19. Qf2 Nxd1 20. Rxd1 e5 21.
dxe5 dxe5 22. Rxd8 Rxd8 23. Bxe5 Rd1+ 24. Kh2 c5 25. Bb8 Ra1 26. Ne1 Bxg2 27.
Nxg2 Qxh3+ 28. Kxh3 Rh1# 0-1

[Event "III Open Grand Paradis B"]
[Site "Arvier ITA"]
[Date "2016.07.29"]
[Round "6"]
[White "Piazza, Giacomo"]
[Black "Gola, Giorgio"]
[WhiteElo "1504"]
[BlackElo "1271"]
[Result "0-1"]
[PlyCount "72"]
[EventDate "2016.07.24"]

1. e4 e6 2. Nf3 d5 3. exd5 exd5 4. Be2 Nf6 5. O-O Bd6 6. Re1 O-O 7. d4 Be6 8.
Bg5 Nbd7 9. Nc3 c6 10. Bd3 Qc7 11. Bh4 Qb6 12. Na4 Qa5 13. b3 b5 14. Nc5 Nxc5
15. dxc5 Be7 16. Ne5 Qc7 17. b4 Rfe8 18. Nf3 Bg4 19. Bxf6 Bxf6 20. Rxe8+ Rxe8
21. Rb1 a5 22. h3 Bh5 23. g4 Bg6 24. a3 axb4 25. axb4 Be4 26. Rb3 h6 27. Bxe4
Rxe4 28. Ra3 Rxb4 29. Ra8+ Kh7 30. Qd3+ g6 31. Nd2 Qe7 32. Qg3 Be5 33. Qg2 Rd4
34. f3 Bf4 35. Nf1 Rd1 36. Ra3 Qxc5+ 0-1

[Event "III Open Grand Paradis B"]
[Site "Arvier ITA"]
[Date "2016.07.30"]
[Round "7"]
[White "Coqueraut, Lodewyk"]
[Black "Bogatto, Mario"]
[WhiteElo "1683"]
[BlackElo "1424"]
[Result "1-0"]
[PlyCount "81"]
[EventDate "2016.07.24"]

1. d4 d5 2. c4 e6 3. Nf3 c6 4. cxd5 exd5 5. Nc3 Nf6 6. Bf4 Nbd7 7. e3 Be7 8. h3
a6 9. Bd3 c5 10. dxc5 Nxc5 11. Bc2 Ne6 12. Bh2 O-O 13. O-O Bd7 14. Rc1 Bc6 15.
Ne5 Rc8 16. Re1 Bb4 17. Bb1 Bxc3 18. Rxc3 Bb5 19. Rxc8 Qxc8 20. f3 Qc5 21. Qd2
Rc8 22. Kh1 b6 23. g4 Ng5 24. Kg2 Ne6 25. Bg1 Qd6 26. f4 Ne4 27. Bxe4 Rd8 28.
Bxh7+ Kf8 29. Bb1 d4 30. e4 f6 31. Ng6+ Kf7 32. f5 Ng5 33. Nf4 d3 34. a3 Re8
35. Ba2+ Ke7 36. Nd5+ Kd8 37. Bxb6+ Kd7 38. Qb4 Qf4 39. Nxf4 Kc6 40. Ba5 Re5
41. Bd5+ 1-0

[Event "III Open Grand Paradis B"]
[Site "Arvier ITA"]
[Date "2016.07.30"]
[Round "7"]
[White "Dovano, Jacopo"]
[Black "Buffoni, Luca"]
[WhiteElo "1658"]
[BlackElo "1740"]
[Result "1/2-1/2"]
[PlyCount "31"]
[EventDate "2016.07.24"]

1. e4 e5 2. Nf3 Nf6 3. Nxe5 d6 4. Nf3 Nxe4 5. Nc3 Nxc3 6. dxc3 Be7 7. Bd3 Bg4
8. h3 Bh5 9. Be3 Nc6 10. Qd2 Ne5 11. Nxe5 dxe5 12. g4 Bg6 13. O-O-O Bxd3 14.
cxd3 Qd5 15. Kb1 b5 16. d4 1/2-1/2

[Event "III Open Grand Paradis B"]
[Site "Arvier ITA"]
[Date "2016.07.30"]
[Round "7"]
[White "Ghiotto, Marco Luigi"]
[Black "Benenati, Gianfranco"]
[WhiteElo "1531"]
[BlackElo "1817"]
[Result "1/2-1/2"]
[PlyCount "108"]
[EventDate "2016.07.24"]

1. e4 c5 2. Nf3 Nc6 3. d4 cxd4 4. Nxd4 g6 5. Be3 Bg7 6. Nc3 d6 7. Be2 Nf6 8.
O-O O-O 9. Qd2 a6 10. Rad1 Ng4 11. Bxg4 Bxg4 12. f3 Bd7 13. Nd5 Ne5 14. b3 Bc6
15. Nxc6 bxc6 16. Nf4 Qc7 17. Nd3 Nd7 18. c4 c5 19. Nf4 Nf6 20. Nd5 Nxd5 21.
exd5 a5 22. Rfe1 Rfe8 23. Re2 a4 24. Rde1 axb3 25. axb3 Ra3 26. Qc2 Qb7 27. Rb1
Bf6 28. Bc1 Ra7 29. Be3 Rea8 30. Ree1 Ra2 31. Qd3 R8a3 32. Bc1 Ra7 33. Be3 Qb4
34. Re2 Rxe2 35. Qxe2 Ra3 36. Qc2 Qa5 37. Bd2 Qa7 38. Bc3 Ra2 39. Rb2 Ra1+ 40.
Kf2 Bg5 41. Bd2 Bh4+ 42. g3 Bf6 43. Bc3 Bxc3 44. Qxc3 Qd7 45. Re2 Rd1 46. Kg2
f6 47. Qa5 Kf7 48. Qa8 Qe8 49. Qb7 h5 50. Ra2 Qf8 51. Qd7 Re1 52. Kf2 Re5 53.
f4 Re4 54. Ra7 Qb8 1/2-1/2

[Event "III Open Grand Paradis B"]
[Site "Arvier ITA"]
[Date "2016.07.30"]
[Round "7"]
[White "Gola, Giorgio"]
[Black "Giachino, Claudio R"]
[WhiteElo "1271"]
[BlackElo "1524"]
[Result "0-1"]
[PlyCount "86"]
[EventDate "2016.07.24"]

1. e4 d6 2. d4 g6 3. c4 Bg7 4. Nf3 Nf6 5. Nc3 O-O 6. Bd3 Nc6 7. Be3 e5 8. d5
Ne7 9. O-O Ng4 10. Bd2 f5 11. h3 Nf6 12. Qe2 f4 13. b4 h6 14. Rfb1 g5 15. Kf1
Ng6 16. Ke1 g4 17. hxg4 Bxg4 18. Kd1 Nh4 19. Qf1 Bxf3+ 20. gxf3 Nxf3 21. Kc2
Ng4 22. Qg2 Nd4+ 23. Kb2 Qh4 24. f3 Qh2 25. Rg1 Qxg2 26. Rxg2 Ne3 27. Bxe3 fxe3
28. Rag1 Rf7 29. Be2 Kh7 30. Rf1 Raf8 31. Rg3 Rg8 32. Rfg1 Rff8 33. Rd1 Bh8 34.
Rh3 Rg2 35. Re1 Rxf3 36. Rxf3 Nxf3 37. Rf1 Nd4 38. Re1 Bf6 39. Kc1 Bh4 40. Rh1
Nxe2+ 41. Nxe2 Rxe2 42. Rxh4 Rxa2 43. c5 e2 0-1

[Event "III Open Grand Paradis B"]
[Site "Arvier ITA"]
[Date "2016.07.30"]
[Round "7"]
[White "Piazza, Giacomo"]
[Black "Lyabel, Giacomo"]
[WhiteElo "1504"]
[BlackElo "1575"]
[Result "0-1"]
[PlyCount "102"]
[EventDate "2016.07.24"]

1. e4 c5 2. Nf3 d6 3. d4 cxd4 4. Nxd4 Nf6 5. Nc3 a6 6. Be2 b5 7. a3 Bb7 8. f3
g6 9. Be3 Bg7 10. O-O O-O 11. Qd2 Re8 12. b4 Nc6 13. Nxc6 Bxc6 14. Rad1 Qc7 15.
Nd5 Nxd5 16. exd5 Bb7 17. Bd4 Bxd4+ 18. Qxd4 Qxc2 19. Bd3 Qc7 20. h4 Qb8 21.
Kh1 Qa7 22. Qe4 e6 23. Qg4 Bxd5 24. h5 Qe7 25. hxg6 hxg6 26. Rfe1 Qf6 27. Re3
Kg7 28. Kg1 Rh8 29. g3 Rh6 30. Bf1 Rah8 31. Bg2 Rh5 32. Qf4 Qxf4 33. gxf4 Rh4
34. f5 gxf5 35. Rc3 Rc4 36. Rcd3 Rhc8 37. f4 Bxg2 38. Rg3+ Kf6 39. Rxg2 Rc1 40.
Rgd2 Rxd1+ 41. Rxd1 d5 42. Rd3 Rc4 43. Rf3 d4 44. Kf2 Rc3 45. Rxc3 dxc3 46. Ke2
e5 47. Kd3 exf4 48. Kxc3 Ke5 49. Kd3 f3 50. Ke3 f2 51. Kxf2 Kf4 0-1

[Event "III Open Grand Paradis B"]
[Site "Arvier ITA"]
[Date "2016.07.30"]
[Round "7"]
[White "Silano, Pierluigi"]
[Black "Debernardi, Marco"]
[WhiteElo "1584"]
[BlackElo "1693"]
[Result "1-0"]
[PlyCount "85"]
[EventDate "2016.07.24"]

1. e4 c5 2. Nf3 Nc6 3. d4 cxd4 4. Nxd4 Nf6 5. Nc3 e5 6. Ndb5 d6 7. Bg5 a6 8.
Na3 b5 9. Nd5 Be7 10. Bxf6 Bxf6 11. c3 O-O 12. Nc2 Bg5 13. Bd3 Be6 14. Nce3 Ne7
15. Bc2 Bxe3 16. Nxe3 f5 17. exf5 Nxf5 18. Bxf5 Bxf5 19. Qd5+ Kh8 20. Nxf5 Rxf5
21. O-O Ra7 22. Rad1 Rf6 23. Qxe5 Re7 24. Qd5 h6 25. Rfe1 Ref7 26. f3 Qb6+ 27.
Qd4 Qb7 28. Re8+ Kh7 29. Qe4+ Qxe4 30. Rxe4 Kg6 31. Rde1 Kf5 32. Kf2 g5 33. g4+
Kg6 34. Re6 h5 35. Rxf6+ Rxf6 36. gxh5+ Kxh5 37. Kg3 Kg6 38. Rd1 Kf5 39. Rd5+
Kg6 40. h3 Kh6 41. a4 bxa4 42. Ra5 Re6 43. Rxa6 1-0

[Event "III Open Grand Paradis B"]
[Site "Arvier ITA"]
[Date "2016.07.30"]
[Round "7"]
[White "Vinciguerra, Riccardo"]
[Black "Cappelletto, Joshuaede"]
[WhiteElo "1511"]
[BlackElo "1680"]
[Result "0-1"]
[PlyCount "81"]
[EventDate "2016.07.24"]

1. d4 Nf6 2. Bg5 g6 3. c4 Bg7 4. Nc3 d6 5. e4 O-O 6. Qd2 c5 7. d5 Qa5 8. Bh6
Bxh6 9. Qxh6 Nxe4 10. Qe3 Nxc3 11. bxc3 Nd7 12. Ne2 Nf6 13. Ng3 e6 14. Be2 exd5
15. O-O dxc4 16. Qh6 Bd7 17. Bxc4 Ng4 18. Qd2 Qc7 19. h3 Ne5 20. Bd5 Be6 21.
Nh5 gxh5 22. Qg5+ Ng6 23. Be4 d5 24. Bxd5 Bxd5 25. Qxd5 Rad8 26. Qxh5 Qe5 27.
Qf3 Qd5 28. Qg4 h5 29. Qg3 Qe5 30. f4 Qf5 31. a4 Rd3 32. Qf2 Rfd8 33. Rae1 Rxc3
34. Qb2 Rc2 35. Qxb7 Rdd2 36. Re8+ Kg7 37. Qa8 Rxg2+ 38. Qxg2 Rxg2+ 39. Kxg2
Qd5+ 40. Kg3 Qd3+ 41. Kh2 0-1